00678nab a2200181uuc4500001000800000005001700008008004100025035001200066040001300078041000800091100003800099245011600137650004000253650003500293650002500328700004000353773010300393139072920240921090810.0141106e20111205 spa  a1390729 ccomduadb aspa10aChaman García, Iván4auteaut10aAjuste e integración numérica de funciones muy oscilantes usando redes neuronales artificiales supervisadas 7aRedes neurales (Computadores)2lemb 7aIntegración numérica2lemb aFunciones oscilantes10aSandoval Solís, Lourdes4auteaut0 tInvestigación Operacional (La Habana)gVol. 32, No. 03, 2011, 193-203w508470x0257-43060122068